000 00870nam a2200265 i 4500
001 29703
003 BD-RjUL
005 20211209051440.0
008 140406s1982 nyu b 001 0 eng
020 _z871966212 (set)
020 _a087196497X (v. 2)
035 _a(BD-RjUL)29788
040 _aDLC
_cDLC
_dDLC
_dBD-RjUL
_beng
041 _aeng
082 0 0 _a070
_219
_bWOR V-2 1982
245 0 0 _aWorld press encyclopedia /
_cedited by George Thomas Kurian ; indexed by Marjorie B. Bank and James Johnson.
_nVolume II
260 _aNew York :
_bFacts on File,
_cc1982.
300 _a2 v. (xix, 1202 p.) :
_bgraphs ;
_c29 cm.
504 _aIncludes bibliographies and index.
650 0 _aGovernment and the press
_xHandbooks, manuals, etc.
_990456
700 1 _aKurian, George Thomas.
_990457
942 _2ddc
_cBK
999 _c29703
_d29703